000 nam a22 7a 4500
999 _c7422
_d7422
008 170829b xxu||||| |||| 00| 0 eng d
020 _a9780979758228
100 _aGanz E.Nancy
_93947
245 _aNumbers a Commentary for children
260 _aWapwallopen
_bSepherd press
_c1976